LEADER 01963nas--2200409-n-450 001 990008908730403321 005 20240229084429.0 011 $a1122-7982 035 $a000890873 035 $aFED01000890873 035 $a(Aleph)000890873FED01 035 $a000890873 091 $2CNR$aP 00011257 100 $a20090724b18741888km-y0itaa50------ba 101 0 $aita 102 $aIT 110 $aauu-------- 200 1 $aArchivio del Laboratorio di Botanica Crittogamica presso la R. Università di Pavia 207 1$a1874-1888 210 $aPavia$cUniversità di Pavia Istituto di Botanica 440 0$1001000891203$12001$aAtti dell'Istituto Botanico dell'Università di Pavia 517 0 $aArchivio triennale del Laboratorio di Botanica Crittogamica presso la R. Università di Pavia 530 0 $aArchivio del Laboratorio di Botanica Crittogamica presso la R. Università di Pavia 675 $a58 675 $a582.2 675 $a632.4 712 02$aUniversità degli studi di Pavia.$bLaboratorio di botanica crittogamica 801 0$aIT$bACNP$c20090723 859 4 $uhttp://acnp.cib.unibo.it/cgi-ser/start/it/cnr/dc-p1.tcl?catno=5154&person=false&language=ITALIANO&libr=&libr_th=unina1$zBiblioteche che possiedono il periodico 901 $aSE 912 $a990008908730403321 958 $aBiblioteca Centralizzata. Facoltà di Agraria dell'Università Federico II di Napoli$b1879;$fFAGBC 959 $aFAGBC 996 $aArchivio del Laboratorio di Botanica Crittogamica presso la R. Università di Pavia$9800258 997 $aUNINA AP1 8 $6866-01$aNA087 Biblioteca Centralizzata. Facoltà di Agraria dell'Università Federico II di Napoli$ev. Università, 100 Palazzo Reale, 80055 Portici (NA)$m081-2539322$m081-7760229$nit AP2 40$aacnp.cib.unibo.it$nACNP Italian Union Catalogue of Serials$uhttp://acnp.cib.unibo.it/cgi-ser/start/it/cnr/df-p.tcl?catno=5154&language=ITALIANO&libr=&person=&B=1&libr_th=unina&proposto=NO